000 00360nam a2200145Ia 4500
008 210210b1982 xxu||||| |||| 00| 0 eng d
082 _a294.4 STUD
100 _a-
245 _aStudies in South Indian jainism. Part-I. Ed 2.
250 _a
260 _aDelhi.
_bSri Satguru Publications.,
_c1982
300 _aiii,183
690 _aJainism
906 _a036823
999 _c87084
_d87084